[Event "2015 REGULAR QUAD, S50459"]
[Site "CCLA"]
[Date "2015.12.20"]
[Round "?"]
[White "Rodriguez, Armando"]
[Black "Catania, Duane"]
[Result "0-1"]
[WhiteElo "1298"]
[BlackElo "1642"]

1. e4 e6 2. d4 d5 3. e5 c5 4. Nf3 Nc6 5. Nc3 cxd4 6. Nxd4 Nxe5 7. f4 Nc6 
8. Be3 Nf6 9. Bb5 Bd7 10. Qd2 Bb4 11. a3 Bxc3 12. Qxc3 Ne4 13. Qb4 Nxb4 
14. O-O Bxb5 0-1

[Event "Summer Series, S50321"]
[Site "CCLA"]
[Date "2015.07.25"]
[Round "?"]
[White "Catania, Duane"]
[Black "Perry, William E."]
[Result "1-0"]
[WhiteElo "1642"]
[BlackElo "1440"]

1. e4 e6 2. d4 d5 3. e5 c5 4. c3 Bd7 5. Nf3 a6 6. Bd3 h6 7. O-O c4 8. Bc2 
Ne7 9. Nbd2 Nec6 10. h3 Be7 11. Nh2 O-O 12. f4 b5 13. Qh5 b4 14. Ng4 Be8 
15. Nxh6+ gxh6 16. Qxh6 f5 17. exf6 Rxf6 18. Qh7+ Kf8 19. Nf3 Bf7 20. Ng5 
Bg8 21. Qh8 Ke8 22. Qxg8+ Rf8 23. Qxe6 1-0

[Event "2015  Server Team - Div 3, S53999"]
[Site "CCLA"]
[Date "2015.10.30"]
[Round "?"]
[White "Gosling, David C."]
[Black "Acosta, Errol"]
[Result "0-1"]
[WhiteElo "1500"]
[BlackElo "1494"]
[Board "5"]
[WhiteTeam "BCCA Bishops"]
[BlackTeam "Idaho Mountaineers"]

1. d4 e6 2. e4 d5 3. e5 c5 4. c3 Qb6 5. Nf3 g6 6. b3 Bg7 7. Be3 Ne7 8. 
dxc5 Qc6 9. a4 O-O 10. Bb5 Qc7 11. Bd4 a6 12. Be2 Nbc6 13. O-O Nxd4 14. 
cxd4 Nc6 15. Qd2 b6 16. b4 bxc5 17. bxc5 Rb8 18. Nc3 f6 19. exf6 Bxf6 20. 
Rfb1 Nb4 21. Na2 Nxa2 22. Qxa2 Rxb1+ 23. Rxb1 Qf4 24. Rd1 g5 25. c6 g4 26.
 Ne5 Qxf2+ 27. Kh1 Bxe5 28. dxe5 d4 29. Qc4 Rf4 30. Rf1 Qe3 31. Rxf4 Qxf4 
32. Qc5 Qe4 33. Bf1 h5 34. Qd6 Qd5 35. Qc7 d3 36. Qxc8+ Kg7 37. Qxa6 d2 
38. c7 d1=Q 39. c8=Q Qd7 40. Qcc4 h4 41. Qf4 h3 42. Qf6+ Kh7 43. Qaxe6 
hxg2+ 44. Kxg2 Qb7+ 45. Qc6 Qc2+ 46. Kg1 Qbxc6 47. Qf7+ Kh6 48. Qf4+ Kh5 
49. Qf7+ Q6g6 50. e6 Qxf7 51. exf7 Qc5+ 52. Kg2 Qd5+ 0-1

[Event "2015 REGULAR QUAD, S50459"]
[Site "CCLA"]
[Date "2015.12.20"]
[Round "?"]
[White "Catania, Duane"]
[Black "Williams, Rufus H."]
[Result "1-0"]
[WhiteElo "1642"]
[BlackElo "1309"]

1. e4 e6 2. d4 d5 3. e5 c5 4. c3 Nc6 5. Nf3 cxd4 6. cxd4 Bb4+ 7. Nc3 Nge7 
8. Bd3 O-O 9. O-O f6 10. a3 Ba5 11. exf6 Rxf6 12. Qc2 Ng6 13. Bg5 a6 14. 
Bxf6 Qxf6 15. Ne2 Bd7 16. Rad1 b5 17. Bxg6 Qxg6 18. Qxg6 hxg6 19. Ne5 Nxe5
20. dxe5 g5 21. Nc3 Be8 22. f4 Bb6+ 23. Kh1 g4 24. f5 exf5 25. Nxd5 Ba5 
26. Rxf5 Bg6 27. Ne7+ Kh7 28. Nxg6 Kxg6 29. Rf2 Re8 30. Rd6+ Kg5 31. e6 
Bc7 32. Rxa6 Be5 33. g3 Bf6 34. Rb6 Kg6 35. Re2 1-0

[Event "2015 Regular Quad, S50019"]
[Site "CCLA"]
[Date "2015.01.16"]
[Round "?"]
[White "Catania, Duane"]
[Black "Rasmussen, Bruce A."]
[Result "1-0"]
[WhiteElo "1642"]
[BlackElo "1373"]

1. e4 e6 2. d4 d5 3. e5 c5 4. c3 Nc6 5. Nf3 f6 6. Be2 fxe5 7. Nxe5 cxd4 8.
 cxd4 Bb4+ 9. Bd2 Qe7 10. Bh5+ g6 11. Bxg6+ Kd8 12. Nf7+ Kd7 13. Bh5 Nf6 
14. Nxh8 Qg7 15. O-O Qxh8 16. Bxb4 Nxb4 17. Nc3 Nxh5 18. Qxh5 Qxd4 19. 
Qxh7+ Kc6 20. a3 Na6 21. Rac1 Nc5 22. Qc2 Bd7 23. Ne2 Kd6 24. Nxd4 1-0

[Event "Summer Series, S50321"]
[Site "CCLA"]
[Date "2015.07.25"]
[Round "?"]
[White "Catania, Duane"]
[Black "Wright, John"]
[Result "1/2-1/2"]
[WhiteElo "1642"]
[BlackElo "1642"]

1. e4 e6 2. d4 d5 3. e5 c5 4. c3 Nc6 5. Nf3 Bd7 6. Bd3 cxd4 7. cxd4 Qb6 8.
 O-O Nxd4 9. Nxd4 Qxd4 10. Nc3 a6 11. Ne2 Qxe5 12. Bf4 Qf6 13. Qd2 e5 14. 
Bg5 Qe6 15. f4 f6 16. Bh4 Bc5+ 17. Kh1 e4 18. f5 Qf7 19. Bc2 Ne7 20. Bb3 
O-O 21. Ng3 Kh8 22. Nxe4 Ba7 23. Nd6 Qh5 24. Qf4 Bc6 25. Rfe1 Nc8 26. Bd1 
Qh6 27. Qxh6 gxh6 28. Nxc8 Raxc8 29. Bh5 Bd4 30. Rab1 Be5 31. b3 Rc7 32. 
Rbd1 Rg7 33. Bf3 d4 34. Bxc6 bxc6 35. h3 Rd7 36. Rd3 Kg7 37. Re4 Rfd8 38. 
Bf2 c5 39. Rg4+ Kf7 40. Rh4 a5 41. Rxh6 Kg7 42. Rh4 a4 43. Rg4+ Kf8 44. g3
axb3 45. axb3 Rb7 46. Be3 Ke8 47. Bh6 Kd7 48. Rg7+ Kc6 49. Rxb7 Kxb7 50. 
Kg2 Rc8 51. Kf3 Kc6 52. Ke4 Re8 53. Kf3 Kb5 54. g4 Kb4 55. h4 Bd6 56. Bd2+
Kb5 57. g5 fxg5 58. hxg5 Kc6 59. f6 Kd5 60. Bf4 Bxf4 61. Kxf4 Re4+ 62. Kf5
Re5+ 63. Kg4 Ke6 64. Kf4 Rf5+ 65. Kg4 Rf1 66. Rh3 Rg1+ 67. Kf4 Rf1+ 68. 
Kg4 1/2-1/2

[Event "2015 Regular Quad, S50019"]
[Site "CCLA"]
[Date "2015.01.16"]
[Round "?"]
[White "Catania, Duane"]
[Black "Graupera, Carlos"]
[Result "1-0"]
[WhiteElo "1642"]
[BlackElo "1466"]

1. e4 e6 2. d4 d5 3. e5 c5 4. c3 Nc6 5. Nf3 Bd7 6. Bd3 cxd4 7. cxd4 Qb6 8.
 O-O Nxd4 9. Nxd4 Qxd4 10. Nc3 a6 11. Re1 Ne7 12. Ne2 Qxe5 13. Bf4 Qf6 14.
 Qd2 h6 15. Ng3 Nc6 16. Rac1 Bb4 17. Qe3 Bxe1 18. Rxe1 Qe7 19. Qb6 Bc8 20.
 Nf5 Qb4 21. Nxg7+ Kf8 22. Nxe6+ Bxe6 23. Qxb4+ Nxb4 24. Bd6+ Ke8 25. Bxb4
Kd7 26. f4 f5 27. Re5 Rhg8 28. Bxf5 Bxf5 29. Rxf5 Rac8 30. Rxd5+ Ke8 31. 
Bc3 Rc7 32. g3 Re7 33. Rd6 Rh7 34. Kf2 Rd7 35. Rxh6 1-0

[Event "2015 Server Team Ch - Div 2"]
[Site "CCLA"]
[Date "2015.10.30"]
[Round "?"]
[White "Catania, Duane"]
[Black "Marconi, Ralph P."]
[Result "0-1"]
[WhiteElo "1720"]
[BlackElo "1964"]
[Board "4"]
[WhiteTeam "Big Red Fuzzy"]
[BlackTeam "Chairmen of the Board"]

1. e4 e6 2. d4 d5 3. e5 c5 4. c3 Nc6 5. Nf3 Bd7 6. Bd3 cxd4 7. cxd4 Qb6 8.
 Bc2 Nb4 9. Nc3 Nxc2+ 10. Qxc2 Rc8 11. O-O Ne7 12. Qd1 Nc6 13. Rb1 Be7 14.
 Be3 O-O 15. a3 Na5 16. Re1 Nb3 17. h4 Rc4 18. Nd2 Nxd2 19. Qxd2 Bxh4 20. 
Red1 Rfc8 21. Qe2 Be7 22. Qg4 Be8 23. Nxd5 exd5 0-1

[Event "2015 NA Class C Ch Finals, S50409"]
[Site "CCLA"]
[Date "2015.10.13"]
[Round "?"]
[White "Smiley, William R."]
[Black "McLaughlin, Ed"]
[Result "1/2-1/2"]
[WhiteElo "1587"]
[BlackElo "1493"]

1. e4 e6 2. d4 d5 3. e5 c5 4. Nf3 Nc6 5. c3 Bd7 6. Be2 Be7 7. O-O Rc8 8. 
Be3 cxd4 9. cxd4 Bb4 10. a3 Ba5 11. b4 Bb6 12. Nc3 Nxe5 13. Nxe5 Rxc3 14. 
Qd2 Rc8 15. a4 Ne7 16. Bd3 Nc6 17. Nxc6 Bxc6 18. b5 Bd7 19. a5 Bc7 20. Qb4
b6 21. a6 Qe7 22. Qxe7+ Kxe7 23. f4 f6 24. Rf2 Bb8 25. Bd2 g6 26. Raf1 Bd6
27. g4 Rhf8 28. h3 Rg8 29. g5 Ba3 30. h4 f5 1/2-1/2

[Event "Premier Quad, S50399"]
[Site "CCLA"]
[Date "2015.10.03"]
[Round "?"]
[White "Shannon, Paul D."]
[Black "Quirk, Michael"]
[Result "0-1"]
[WhiteElo "1865"]
[BlackElo "2132"]

1. e4 e6 2. d4 d5 3. e5 c5 4. c3 Nc6 5. Nf3 Bd7 6. Be2 Nge7 7. O-O Ng6 8. 
Be3 Be7 9. Nbd2 O-O 10. Ne1 Nh4 11. Ndf3 cxd4 12. Bxd4 Nf5 13. Nc2 Nfxd4 
14. Ncxd4 Qc7 15. Nxc6 bxc6 16. Re1 Rad8 17. Bd3 f5 18. Qe2 Rb8 19. Rad1 
c5 20. b3 a5 21. Nd2 a4 22. f4 c4 23. bxc4 Rb2 24. Bb1 dxc4 25. Qxc4 Qb6+ 
26. Kh1 Bb5 27. Qd4 Bc5 0-1

[Event "Summer Series, S50301"]
[Site "CCLA"]
[Date "2015.07.25"]
[Round "?"]
[White "Anderson, Clarence"]
[Black "Stevens, Daniel L."]
[Result "1/2-1/2"]
[WhiteElo "1717"]
[BlackElo "1779"]

1. e4 e6 2. d4 d5 3. e5 c5 4. c3 Nc6 5. Nf3 Bd7 6. Be2 Nge7 7. Na3 Nf5 8. 
Nc2 Be7 9. O-O O-O 10. Bd3 cxd4 11. Bxf5 exf5 12. Ncxd4 g5 13. Qb3 g4 14. 
Nxc6 bxc6 15. Nd4 c5 16. Ne2 Bc6 17. Qc2 Qc8 18. Bh6 Rd8 19. Ng3 Bd7 20. 
Nh5 Qc6 21. Bg7 Qg6 22. Bf6 Qxh5 23. Bxe7 Re8 24. Bf6 Re6 25. f3 Rb6 26. 
fxg4 fxg4 27. Qf2 Bb5 28. Rfd1 Bc6 29. Qxc5 Rxb2 30. Rf1 Rc8 31. Rab1 Rxb1
32. Rxb1 Qf5 33. Qb4 d4 34. cxd4 Qf4 35. d5 Qxb4 36. Rxb4 Bxd5 37. Rxg4+ 
Kf8 38. a4 Rc4 39. Rxc4 Bxc4 40. a5 Ke8 41. Kf2 Kd7 42. Ke3 Ke6 43. Kf4 a6
44. Kg5 Bd3 45. Kh6 Bc2 46. g4 Bd3 47. h4 Bc2 48. h5 Bd3 49. Kg7 Bc2 50. 
g5 Bd3 51. g6 fxg6 52. hxg6 1/2-1/2

[Event "Premier Quad, S50269"]
[Site "CCLA"]
[Date "2015.06.15"]
[Round "?"]
[White "Catania, Duane"]
[Black "Wright, John"]
[Result "1-0"]
[WhiteElo "1684"]
[BlackElo "1600"]

1. e4 e6 2. d4 d5 3. e5 c5 4. c3 Nc6 5. Nf3 Bd7 6. Be2 Nge7 7. Na3 cxd4 8.
 cxd4 Nf5 9. Nc2 Qb6 10. O-O Na5 11. g4 Ne7 12. b3 h5 13. Ng5 hxg4 14. 
Bxg4 f6 15. exf6 gxf6 16. Bh5+ Rxh5 17. Qxh5+ Kd8 18. Nf7+ Kc7 19. Bf4+ 
Kc8 20. Nd6+ Kd8 21. Qf7 e5 22. Qxf8+ Kc7 23. Qxa8 Qxd6 24. Qxa7 Nac6 25. 
Qc5 Qe6 26. Bg3 Kd8 27. dxe5 Nxe5 28. f4 Nd3 29. Qa5+ Ke8 30. Rad1 Qe4 31.
 Qd2 Bh3 32. Rfe1 1-0

[Event "2015 Regular Quad, S50019"]
[Site "CCLA"]
[Date "2015.01.16"]
[Round "?"]
[White "Graupera, Carlos"]
[Black "Catania, Duane"]
[Result "0-1"]
[WhiteElo "1466"]
[BlackElo "1642"]

1. e4 e6 2. d4 d5 3. e5 c5 4. c3 Nc6 5. Nf3 Qb6 6. Bd3 Bd7 7. dxc5 Bxc5 8.
 O-O Qd8 9. Bf4 Nge7 10. b4 Bb6 11. Na3 a6 12. Nc2 Rc8 13. Ncd4 Nxd4 14. 
Nxd4 Rxc3 15. Be3 Bxd4 16. Bxd4 Rxd3 17. Qxd3 Bb5 18. Qb3 Bxf1 19. Rxf1 
O-O 20. Rc1 Nc6 21. Bb2 Qg5 22. Re1 d4 23. a3 Rd8 24. Bc1 Qf5 25. Qg3 d3 
26. Bd2 Nd4 27. Kh1 Nc2 28. Rd1 Nxa3 29. f4 Nc4 30. Bc3 d2 31. Qf3 Qc2 0-1

[Event "Summer Series, S50321"]
[Site "CCLA"]
[Date "2015.07.25"]
[Round "?"]
[White "Catania, Duane"]
[Black "Graupera, Carlos"]
[Result "1/2-1/2"]
[WhiteElo "1642"]
[BlackElo "1466"]

1. e4 e6 2. d4 d5 3. e5 c5 4. c3 Nc6 5. Nf3 Qb6 6. Bd3 cxd4 7. cxd4 Bd7 8.
 O-O Nxd4 9. Nxd4 Qxd4 10. Nc3 a6 11. Ne2 Qxe5 12. Bf4 Qxb2 13. Rb1 Qxa2 
14. Rxb7 Nf6 15. Nc3 Qa5 16. Qb3 Be7 17. Bc7 Qc5 18. Rb8+ Bc8 19. Rxa8 
Qxc7 20. Bxa6 O-O 21. Bxc8 Rxc8 22. Rxc8+ Qxc8 23. Rb1 g6 24. Ne2 Ne4 25. 
Rc1 Qa6 26. Ng3 Nc5 27. Qb8+ Kg7 28. Rb1 Qd6 29. Qa7 Bd8 30. Rc1 Bb6 31. 
Qa8 Nd3 32. Qa1+ e5 33. Rf1 Qc5 34. Qa2 Qd4 35. Ne2 Qb2 36. Qxb2 Nxb2 37. 
Rb1 Nc4 38. Nc3 d4 39. Nd5 Ba5 40. Rb5 Bd2 41. Kf1 d3 42. Nc7 e4 43. Ne8+ 
Kh6 44. Nf6 e3 45. Ng4+ Kg7 46. fxe3 Nxe3+ 47. Nxe3 Bxe3 48. Rd5 d2 49. 
Ke2 Bh6 50. Kf3 f5 51. Ke2 Kf7 1/2-1/2

[Event "2015 NA Class B Ch Finals, S50189"]
[Site "CCLA"]
[Date "2015.04.27"]
[Round "?"]
[White "Catania, Duane"]
[Black "Stevenson, Wayne"]
[Result "0-1"]
[WhiteElo "1684"]
[BlackElo "1702"]

1. e4 e6 2. d4 d5 3. e5 c5 4. c3 Nc6 5. Nf3 Qb6 6. Bd3 cxd4 7. cxd4 Bd7 8.
 O-O Nxd4 9. Nxd4 Qxd4 10. Nc3 a6 11. Re1 Ne7 12. Ne2 Qxe5 13. Bf4 Qxb2 
14. Rb1 Qxa2 15. Rxb7 Nc6 16. Nc3 Qa5 17. Na4 Nd8 18. Rxd7 Kxd7 19. Bc2 
Be7 20. Qe2 Nc6 21. Rb1 Bb4 22. Qe3 Rhb8 23. Bxb8 Rxb8 24. g3 Bd2 25. Nc5+
Ke7 26. Nb7 Bxe3 27. Nxa5 Rxb1+ 0-1

[Event "Summer Series, S50321"]
[Site "CCLA"]
[Date "2015.07.25"]
[Round "?"]
[White "Graupera, Carlos"]
[Black "Catania, Duane"]
[Result "1-0"]
[WhiteElo "1466"]
[BlackElo "1642"]

1. d4 e6 2. e4 d5 3. e5 c5 4. c3 Nc6 5. Nf3 Qb6 6. Be2 Bd7 7. O-O Nh6 8. 
Bxh6 Qxb2 9. Be3 Qxa1 10. Qc2 cxd4 11. Nxd4 Nb4 12. cxb4 Rc8 13. Qb3 Be7 
14. Nf3 1-0

[Event "Winter Series, S50031"]
[Site "CCLA"]
[Date "2015.01.28"]
[Round "?"]
[White "Richardson, Ryan M."]
[Black "Disque, Philip"]
[Result "1-0"]
[WhiteElo "1795"]
[BlackElo "1603"]

1. e4 e6 2. d4 d5 3. e5 c5 4. c3 Qb6 5. Nf3 Nc6 6. Be2 cxd4 7. cxd4 Nh6 8.
 Nc3 Nf5 9. Na4 Qa5+ 10. Bd2 Bb4 11. Bc3 b5 12. a3 Bxc3+ 13. Nxc3 b4 14. 
axb4 Qxb4 15. Qa4 Bd7 16. Qxb4 Nxb4 17. O-O O-O 18. Bb5 Bc6 19. Bxc6 Nxc6 
20. Rfd1 Rfb8 21. Na4 Rb4 22. Nc5 Rxb2 23. g4 Nfe7 24. Kg2 a5 25. Ra3 Nb4 
26. Rc1 Nec6 27. Rac3 h6 28. Na4 Ra2 29. Nb6 Ra7 30. Rxc6 Nxc6 31. Rxc6 a4
32. Rc8+ Kh7 33. Rd8 Kg6 34. Nd7 f6 35. Nh4+ Kg5 36. Kg3 Ra3+ 37. f3 f5 
38. Nf8 fxg4 39. Nxe6+ Kh5 40. Nf4+ Kg5 41. Rf8 Rxf3+ 42. Nxf3+ gxf3 43. 
h4# 1-0

[Event "Premier Quad, S50269"]
[Site "CCLA"]
[Date "2015.06.15"]
[Round "?"]
[White "Catania, Duane"]
[Black "Disque, Philip"]
[Result "0-1"]
[WhiteElo "1684"]
[BlackElo "1603"]

1. e4 e6 2. d4 d5 3. e5 c5 4. c3 Qb6 5. Nf3 Nc6 6. Be2 cxd4 7. cxd4 Nh6 8.
 Na3 Bxa3 9. bxa3 Nf5 10. Be3 Qa5+ 11. Qd2 Qxa3 12. O-O Nxe3 13. fxe3 O-O 
14. Rab1 b6 15. Bd3 Ba6 16. Rb3 Qa4 17. Bxa6 Qxa6 18. Rc1 Rfc8 19. Rbc3 
Qb7 20. Ne1 Ne7 21. Nd3 Rxc3 22. Rxc3 Rc8 23. h3 Rxc3 24. Qxc3 a5 25. g4 
Qc6 26. Qd2 Qc4 27. Kf2 Nc6 28. Kf3 Nb4 29. Nxb4 axb4 30. Kf2 Kf8 31. h4 
Ke8 32. g5 Kd7 33. Kg3 Qc3 34. Qf2 Ke8 35. h5 b3 36. axb3 Qxb3 37. h6 gxh6
38. gxh6 Qd3 39. Qb2 Qxe3+ 40. Kg2 Qxh6 41. Qxb6 Qg6+ 42. Kf2 Kf8 43. Qd8+
Kg7 44. Qh4 f6 45. Kf3 Qg5 46. Qe1 fxe5 47. dxe5 Qf5+ 48. Kg3 h5 49. Qc3 
Qg4+ 50. Kh2 Kg6 51. Qd3+ Kg5 52. Qh7 Qf4+ 53. Kg2 Qe4+ 0-1

[Event "2015 REGULAR QUAD, S50369"]
[Site "CCLA"]
[Date "2015.08.11"]
[Round "?"]
[White "Smiley, William R."]
[Black "Graupera, Carlos"]
[Result "1-0"]
[WhiteElo "1613"]
[BlackElo "1466"]

1. e4 e6 2. d4 d5 3. e5 c5 4. c3 Nc6 5. Nf3 Qb6 6. Be2 cxd4 7. cxd4 Nh6 8.
 Bxh6 gxh6 9. b3 Bg7 10. Nc3 O-O 11. O-O f6 12. Na4 Qd8 13. Bb5 Bd7 14. 
Bxc6 bxc6 15. Qd2 fxe5 16. dxe5 Qe7 17. Rad1 c5 18. Nc3 Be8 19. Rfe1 Bg6 
20. h3 Rf7 21. Nh2 Rb8 22. f4 Rbf8 23. g3 a6 24. Nf3 d4 25. Ne4 Bxe4 26. 
Rxe4 Qb7 27. Rde1 Bh8 28. Kg2 Qd5 29. Qd3 Qc6 30. Rc1 Rd7 31. Kh2 Qd5 32. 
Nd2 Ra8 33. Nc4 Rb8 34. Re2 Bg7 35. Nd6 Bf8 36. Ne4 Bg7 37. Rxc5 Qb7 38. 
Nd6 1-0

[Event "Premier Quad, S50099"]
[Site "CCLA"]
[Date "2015.03.09"]
[Round "?"]
[White "Catania, Duane"]
[Black "Hayward, Clark W."]
[Result "1-0"]
[WhiteElo "1684"]
[BlackElo "1909"]

1. e4 e6 2. d4 d5 3. e5 c5 4. c3 Qb6 5. Nf3 Nc6 6. Be2 cxd4 7. cxd4 Nge7 
8. O-O Nf5 9. Nc3 Nfxd4 10. Nxd4 Nxd4 11. Bd3 Nc6 12. Qe2 Bd7 13. Kh1 Be7 
14. f4 Nd4 15. Qg4 g6 16. Be3 h5 17. Qg3 Bc5 18. Bc1 Nf5 19. Bxf5 exf5 20.
 Nxd5 Qd8 21. Nf6+ Kf8 22. Rd1 Kg7 23. Rxd7 Qb6 24. Qb3 Qxb3 25. axb3 Rhd8
26. h3 Rxd7 27. Nxd7 Be7 28. Be3 a6 29. Rc1 Rd8 30. Rc7 b5 31. Kh2 Kg8 32.
 Nf6+ Kf8 33. Ra7 1-0

[Event "Premier Quad, S50399"]
[Site "CCLA"]
[Date "2015.10.03"]
[Round "?"]
[White "Shannon, Paul D."]
[Black "Beavan, Robert"]
[Result "1/2-1/2"]
[WhiteElo "1865"]
[BlackElo "1971"]

1. e4 e6 2. d4 d5 3. e5 c5 4. c3 Nc6 5. Nf3 Qb6 6. a3 f6 7. b4 fxe5 8. 
Nxe5 Nxe5 9. dxe5 Qc7 10. Bb5+ Bd7 11. Bxd7+ Qxd7 12. O-O a5 13. bxa5 Rxa5
14. Nd2 c4 15. Nf3 g6 16. Re1 Nh6 17. Bg5 Bg7 18. Bf6 O-O 19. Bxg7 Kxg7 
20. Qd4 Nf7 21. Qb6 1/2-1/2

[Event "2015 REGULAR QUAD, S50389"]
[Site "CCLA"]
[Date "2015.09.16"]
[Round "?"]
[White "Laaman, Thomas"]
[Black "Acosta, Errol"]
[Result "1-0"]
[WhiteElo "1648"]
[BlackElo "1494"]

1. d4 e6 2. e4 d5 3. e5 c5 4. c3 Qb6 5. Nf3 Nc6 6. a3 Bd7 7. b4 c4 8. Be2 
f6 9. Bf4 g5 10. Bg3 O-O-O 11. a4 h5 12. h3 h4 13. a5 Qc7 14. Bh2 f5 15. 
Nxg5 Re8 16. Na3 Re7 17. Nb5 Qd8 18. Nd6+ Kc7 19. Ngf7 Rxf7 20. Nxf7 Qe7 
21. Nxh8 Qg7 22. b5 Qxh8 23. bxc6 Bxc6 24. O-O Nh6 25. Bf4 Nf7 26. Bh5 Nh6
27. Bxh6 Qxh6 28. Bf3 Bb5 29. Rb1 a6 30. Rxb5 axb5 31. Qb1 Kc6 32. Qb2 Qg7
33. Rb1 b4 34. cxb4 Kb5 35. Bd1 Qe7 36. Qa2 f4 37. Qa4+ Ka6 38. b5+ Ka7 
39. b6+ Kb8 40. a6 1-0

[Event "Premier Quad, S50289"]
[Site "CCLA"]
[Date "2015.07.20"]
[Round "?"]
[White "Disque, Philip"]
[Black "Capuzzi, Gabriele"]
[Result "1/2-1/2"]
[WhiteElo "1614"]
[BlackElo "1615"]

1. e4 e6 2. d4 d5 3. e5 c5 4. c3 Nc6 5. Nf3 Qb6 6. a3 Bd7 7. b4 cxb4 8. 
cxb4 Rc8 9. Be3 Nge7 10. Bd3 Nf5 11. O-O Nce7 12. Nbd2 Nxe3 13. fxe3 Ng6 
14. Qe2 Be7 15. Rfc1 O-O 16. Nb3 Qd8 17. Nc5 Rc7 18. Rc2 Bxc5 19. bxc5 f6 
20. Bxg6 hxg6 21. Rac1 Kf7 22. Qf2 Ke8 23. Qh4 Qe7 24. Qg3 f5 25. Qxg6+ 
Qf7 26. Qxf7+ Kxf7 27. g3 Rg8 28. Ng5+ Kg6 29. h4 Kh5 30. Kg2 Re8 31. Kf3 
Re7 32. Kf4 g6 33. Rb2 Bc6 34. Rg2 Bb5 35. g4+ fxg4 36. Rxg4 b6 37. Kg3 
bxc5 38. dxc5 Bc4 39. Rf4 Rxc5 40. Rf8 Kh6 41. Rh8+ Kg7 42. Rh7+ Kf8 43. 
Rh8+ 1/2-1/2

[Event "Winter Series, S50031"]
[Site "CCLA"]
[Date "2015.01.28"]
[Round "?"]
[White "Greco, Tom"]
[Black "Disque, Philip"]
[Result "1-0"]
[WhiteElo "1641"]
[BlackElo "1603"]

1. d4 e6 2. e4 d5 3. e5 c5 4. c3 Qb6 5. Nf3 Nc6 6. a3 c4 7. Nbd2 Bd7 8. 
Be2 f6 9. O-O O-O-O 10. b3 cxb3 11. Nxb3 fxe5 12. dxe5 Qc7 13. Bf4 Be7 14.
 a4 Rf8 15. Qd2 h6 16. Bg3 g5 17. Qe3 Kb8 18. Rab1 Ka8 19. Rb2 g4 20. Nfd4
Bg5 21. Nb5 Qb8 22. Qd3 Nxe5 23. Bxe5 Qxe5 24. Nc5 Nf6 25. Nxa7 Rh7 26. 
Nxb7 Ne4 27. Qa6 1-0

[Event "Premier Quad, S50099"]
[Site "CCLA"]
[Date "2015.03.09"]
[Round "?"]
[White "Hansen, Michael"]
[Black "Hayward, Clark W."]
[Result "0-1"]
[WhiteElo "1754"]
[BlackElo "1909"]

1. e4 e6 2. d4 d5 3. Nd2 Nf6 4. e5 Ne4 5. Nxe4 dxe4 6. Bc4 a6 7. a4 b6 8. 
Nh3 Bb7 9. Nf4 Nc6 10. c3 Na5 11. Ba2 c5 12. O-O c4 13. Nh5 Qd5 14. Qg4 
O-O-O 15. Bg5 Rd7 16. Rfd1 h6 17. Bf4 Rd8 18. Re1 Qd7 19. Bb1 Nb3 20. Ra2 
Be7 21. Qe2 Na5 22. Bxe4 g5 23. Bxb7+ Kxb7 24. Qe4+ Qd5 25. Qxd5+ Rxd5 26.
 Be3 Nb3 27. f4 a5 28. Rf1 gxf4 29. Rxf4 Rh7 30. Rf3 Kc6 31. Nf6 Bxf6 32. 
Rxf6 h5 33. h4 Rd8 34. g3 Rg8 35. Bg5 Kd5 36. Kf2 Ke4 37. Rf4+ Kd3 38. Kg2
Rhg7 39. Kh3 Rb8 40. Bf6 Rg6 41. Rf2 Ke3 42. Kg2 Ke4 43. Bg5 Rb7 44. Rf4+ 
Kd5 45. g4 hxg4 46. Rxg4 Rg8 47. Kf3 Rbb8 48. h5 Rh8 49. h6 Rbg8 0-1

[Event "2015 REGULAR QUAD, S50419"]
[Site "CCLA"]
[Date "2015.10.24"]
[Round "?"]
[White "Bennett, Thomas"]
[Black "Fullen, Peter J."]
[Result "0-1"]
[WhiteElo "1507"]
[BlackElo "1359"]

1. e4 e6 2. d4 d5 3. Nd2 Nf6 4. Bd3 c5 5. e5 Nfd7 6. c3 Nc6 7. Ngf3 cxd4 
8. cxd4 Qb6 9. O-O Nxd4 10. Nxd4 Qxd4 11. Nf3 Qb6 12. Qa4 Be7 13. a3 Qc6 
0-1

[Event "Winter Series, S50041"]
[Site "CCLA"]
[Date "2015.01.28"]
[Round "?"]
[White "Graupera, Carlos"]
[Black "Stevenson, Wayne"]
[Result "0-1"]
[WhiteElo "1514"]
[BlackElo "1702"]

1. e4 e6 2. d4 d5 3. Nd2 Nf6 4. e5 Nfd7 5. Bd3 c5 6. c3 Nc6 7. Ngf3 Be7 8.
 O-O a5 9. Re1 cxd4 10. cxd4 g5 11. h3 h5 12. Nf1 g4 13. hxg4 hxg4 14. 
N3h2 Nxd4 15. Qxg4 Bc5 16. Be3 Nxe5 17. Qg7 Nxd3 18. Qxh8+ Kd7 19. Qxd8+ 
Kxd8 20. Bxd4 Bxd4 21. Re2 Nxb2 22. Nf3 Bf6 23. Ne5 Ke8 24. Rc1 Bxe5 0-1

[Event "Premier Quad, S50269"]
[Site "CCLA"]
[Date "2015.06.15"]
[Round "?"]
[White "Wright, John"]
[Black "Catania, Duane"]
[Result "1-0"]
[WhiteElo "1600"]
[BlackElo "1684"]

1. e4 e6 2. d4 d5 3. Nd2 Nf6 4. e5 Nfd7 5. Bd3 c5 6. c3 Nc6 7. Ne2 Qb6 8. 
Nf3 Be7 9. O-O cxd4 10. cxd4 O-O 11. Nf4 Qd8 12. a3 Nb6 13. Be3 f6 14. 
exf6 Bxf6 15. Ne5 Nxe5 16. dxe5 Bxe5 17. Qh5 Rf5 18. Bxf5 exf5 19. Bxb6 
axb6 20. Rfe1 g6 21. Nxg6 Qe8 22. Rxe5 Qxg6 23. Qxg6+ hxg6 24. Re8+ 1-0

[Event "2015 Server Team Ch - Div 2"]
[Site "CCLA"]
[Date "2015.10.30"]
[Round "?"]
[White "Lewis, James W."]
[Black "Crevani, Mirta"]
[Result "0-1"]
[WhiteElo "2114"]
[BlackElo "1929"]
[Board "3"]
[WhiteTeam "Chairmen of the Board"]
[BlackTeam "SchemingMind C"]

1. e4 e6 2. d4 d5 3. Nd2 Nf6 4. e5 Nfd7 5. Bd3 c5 6. c3 Nc6 7. Ne2 Qb6 8. 
Nf3 cxd4 9. cxd4 Bb4+ 10. Nc3 Nxd4 11. Nxd4 Qxd4 12. O-O a6 13. Re1 Qb6 
14. Qh5 Qc7 15. Nxd5 exd5 16. e6 Nf6 17. exf7+ Kd8 18. Bg5 Bd7 19. Rac1 
Qd6 20. Re2 h6 21. Bxf6+ Qxf6 22. Qxd5 Qg5 23. Qc4 Bd6 24. Rd1 Rc8 25. Qd4
Qf6 26. Qb6+ Rc7 27. Qa7 Rf8 28. Qb8+ Rc8 29. Qxb7 Rxf7 30. Bxa6 Rb8 31. 
Qd5 Rb6 32. Bc4 Re7 33. Qa8+ Bc8 34. Red2 Qf4 35. g3 Qxc4 36. Rxd6+ Rxd6 
37. Rxd6+ Rd7 0-1

[Event "2015 NA Class A Ch Finals, S50179"]
[Site "CCLA"]
[Date "2015.04.27"]
[Round "?"]
[White "Stroup, Jim"]
[Black "Cacas, Alexander"]
[Result "1-0"]
[WhiteElo "2058"]
[BlackElo "1891"]

1. e4 e6 2. d4 d5 3. Nd2 Nf6 4. e5 Nfd7 5. Bd3 c5 6. c3 Nc6 7. Ne2 cxd4 8.
 cxd4 f6 9. Nf4 Nxd4 10. Qh5+ Ke7 11. exf6+ Nxf6 12. Ng6+ hxg6 13. Qxh8 
Kf7 14. O-O e5 15. Nb3 Nxb3 16. axb3 Bf5 17. Bxf5 gxf5 18. Bg5 Qb6 19. 
Bxf6 Qxf6 20. Rfc1 Qb6 21. Qh7 Kf6 22. Rc3 Bc5 23. Qh4+ Kf7 24. Rac1 Bd6 
25. Qh5+ g6 26. Qh7+ Kf6 27. Rg3 g5 28. Qh6+ Kf7 29. Rxg5 1-0

[Event "2015 Server Team Ch - Div 1, S51999"]
[Site "CCLA"]
[Date "2015.10.30"]
[Round "?"]
[White "Cooper, Ronald A."]
[Black "Hollands, George"]
[Result "1-0"]
[WhiteElo "1982"]
[BlackElo "2178"]
[Board "6"]
[WhiteTeam "BCCA Rooks"]
[BlackTeam "SchemingMind A"]

1. e4 e6 2. d4 d5 3. Nd2 Nf6 4. e5 Nfd7 5. Bd3 c5 6. c3 Nc6 7. Ne2 cxd4 8.
 cxd4 f6 9. exf6 Nxf6 10. Nf3 Bd6 11. O-O Qc7 12. Nc3 a6 13. Bg5 O-O 14. 
Rc1 Bd7 15. h3 Be8 16. Qe2 h6 17. Bd2 Bf7 18. Qe3 Rae8 19. Na4 1-0

[Event "2015 REGULAR QUAD, S50149"]
[Site "CCLA"]
[Date "2015.04.10"]
[Round "?"]
[White "Godinez, Doug"]
[Black "Stevenson, Wayne"]
[Result "0-1"]
[WhiteElo "1392"]
[BlackElo "1702"]

1. e4 e6 2. d4 d5 3. Nd2 c5 4. Ngf3 cxd4 5. exd5 Qxd5 6. Bc4 Qc5 7. O-O 
Nc6 8. Qe2 Nf6 9. Nb3 Qh5 10. Rd1 Bc5 11. Nfxd4 Qxe2 12. Bxe2 Nxd4 13. 
Nxd4 e5 14. Nf3 e4 15. Ne5 Bf5 16. Bb5+ Ke7 17. Bg5 Rhd8 18. Kf1 Rac8 19. 
Bc4 h6 20. Bxf6+ Kxf6 21. Nxf7 Rxd1+ 22. Rxd1 Be7 23. Bb3 Bg6 24. Nd6 Rd8 
25. Nxe4+ Bxe4 26. Rxd8 Bxd8 27. f3 Bf5 28. Ke2 g5 29. h3 Ke5 30. Ke3 b5 
31. a4 b4 32. Ke2 Bb6 33. g4 Bg6 34. c3 bxc3 35. bxc3 Kf4 36. Bd5 Be8 37. 
Bb3 Bc6 38. Bc2 Bxf3+ 39. Kf1 Kg3 40. Bg6 Kxh3 0-1